000 002460000a22000970004500
100 1 _aLutzke, Anselmo
245 1 0 _aObservar tempos : Uma necessidade humana
300 _aVol. 1, Num. 3 (Diciembre, 2000), Página 16
773 0 _tTEAR
942 _cANA
999 _c55785
_d55785